000 00404nam a2200169Ia 4500
001 5253
003 IN-NITTTR
005 20251114233007.0
008 251113s9999||||xx |||||||||||||| ||eng||
040 _beng
040 _cIN-NITTTR
041 _aeng
082 _a574.1 A41H
100 _aAsimov, Isaac
245 4 _aThe human body :
_b its structure and operation. /
_cAsimov, Isaac
942 _2ddc
_cBK
999 _c7889
_d7889